| 000 | 03262nam a2200229Ia 4500 | ||
|---|---|---|---|
| 003 | Ost | ||
| 005 | 20260507075604.0 | ||
| 008 | 260507s9999||||xx |||||||||||||| ||und|| | ||
| 020 | _a9773790649 | ||
| 040 | _cfsecg | ||
| 041 | _aara | ||
| 082 | _a330.121 | ||
| 100 |
_a عيد ، عادل عبد الفضيل _eمؤلف |
||
| 245 | 0 |
_aقوانين الاقتصاد الاسلامي في المجتمعات العربية و الاسلامية / _c عادل عبد الفضيل عيد |
|
| 260 |
_aالاسكندرية : _bدار الفكر الجامعي, _c2009 |
||
| 300 |
_a742 صفحة؛ _c24 سم |
||
| 504 | _aمراجع ص.731 | ||
| 520 | _a)قوانين المصارف الاسلامية : نظام مراقبة البنوك السعودي ، بنك ناصر الاجتماعي ، البنك الاسلامي للتنمية ، بنك دبي الاسلامي ، بنك فيصل الاسلامي المصري ، بنك فيصل الاسلامي السوداني ، بنك التمويل الكويتي ، البنوك ، البنوك الاسلامية في الاردن ، المصارف و المؤسسات المالية و الشركات الاستثمارية الاسلامية القانون الاتحادي الامراتي ، قانون بيع الاموال المرهونة للمصارف في السودان ، المصارف الاسلامية في اليمن،المصارف الفلسطينية ، تنظيم العمل المصرفي في السودان ، بنك السودان المركزي ، المصارف الاسلامية في سوريا 2)العقود الاقتصادية : تحريم ربا النسيئة في المعاملات الليبية ، نظام البيع بالتقسيط في السعودية ، البيع بالتقسيط في الكويت ، اقتراح مشروع قانون البيع بالتقسيط ، تحريم اقتصاد المضاربة في ليبيا 03) الزكاة : قانون الزكاة و العشر في جمهورية الباكستان الاسلامية ، قانون إنشاء بيت الزكاة الكويتي ، قانون صندوق الزكاة في الاردن و صندوق الزكاة في قطر ، قوانين الزكاة في السعودية و في اليمن و في السودان و مشروع قانون الزكاة في مصر ، قانون الزكاة للهيئة العالمية للزكاة 04)الوقف : قانون أحكام الوقف في مصر ، نظام مجلس الاوقاف الاعلى في السعودية ، قانون الاوقاف الخيرية في السودان و في الجزائر و في قطر و الاردن ، مشروع قانون أحكام الوقف 05) الوصايا و المواريث: قانون المواريث و قانون الوصية في مصر ، الوصايا و المواريث في قانون الاحوال الشخصية بسورية و بالكويت ، قانون الوصية الواجبة الكويتي ، الوصايا و المواريث في قانون الاحوال الشخصية في الاردن و في قطر و في الامارات العربية المتحدة . | ||
| 653 | _aالاقتصاد | ||
| 653 | _aالاقتصاد الاسلامي | ||
| 942 | _cكتاب | ||
| 999 |
_c45028 _d45028 |
||